Dr. Thorne

Αποθηκεύτηκε σε:
Λεπτομέρειες βιβλιογραφικής εγγραφής
Κύριος συγγραφέας: Trollope, Anthony, 1815-1882
Άλλοι συγγραφείς: Goddard, Monica (Εικονογράφος), West, Michael (Michael Philip), 1888-1973 (Επιμελητής έκδοσης)
Μορφή: Βιβλίο
Γλώσσα:English
Δημοσίευση: [London] : Longmans, [1960]
Σειρά:New method supplementary reader ; ; stage 4
Θέματα:
Ετικέτες: Προσθήκη ετικέτας
Δεν υπάρχουν, Καταχωρήστε ετικέτα πρώτοι!

MARC

LEADER 00000cam a2200000 i 4500
001 1/94689
008 080929r19601957 eng d
035 |l 10100517 
040 |a GR-MY-UA  |b gre  |e aacr 
041 0 |a eng 
082 0 |a 428.6  |2 (22) 
100 1 |a Trollope, Anthony,   |d 1815-1882. 
245 1 0 |a Dr. Thorne /  |c by Anthony Trollope ; written within the vocabulary of New Method Reader 4 by Michael West and E. P. Hart ; illustrated by Monica Goddard 
260 |a [London] :   |b Longmans,   |c [1960] 
300 |a 148 σ.;  |c 19 εκ. 
490 1 |a New method supplementary reader  |v ; stage 4 
500 |a "Second impression 1960" 
650 0 0 |a Readers  |y 1950- 
650 0 0 |a English language  |x Readers. 
700 1 |a Goddard, Monica.  |4 ill 
700 1 |4 edt  |a West, Michael   |q (Michael Philip),   |d 1888-1973. 
830 0 |a New method supplementary reader ;  |v ; stage 4 
852 |a INST  |b RHODES  |c AKA  |e 20080929  |h  428.6 TRO  |p 005400030626  |q 005400030626  |t BK  |y 0 
901 |a BIBL4-2008-3 
909 |a Ρ  |b 153105 
970 |a ΚΟΖΑ  |b ΜΑΡΙΑ  |z 2008/09/29